00337nam a2200145Ia 45000030006000000080041000060400015000471000019000622450023000812500006001042600044001103000006001545460014001600050017001740STCL150530s9999 xx 000 0 und d aSTCLcSTCL aLeelavathy, M. aMoolyasankalpangal a2 bCurrent books; Thrissurc1992aThrissur a0 aMalayalam20220125171733.0